MARC

LEADER 00000nam0a2200000 4500
001 140535
005 20231031142056.0
010 |a 158053144X 
035 |a (RuTPU)RU\TPU\book\152250 
090 |a 140535 
100 |a 20080702d2006 k y0engy50 ba 
101 0 |a eng 
102 |a US 
105 |a a z 001zy 
200 1 |a Introduction to Modeling HBTs  |f M. Rudolph 
210 |a Boston  |c Artech House  |d 2006 
215 |a 322 p.  |c il. 
320 |a Библиография в конце частей. 
610 1 |a электроника 
610 1 |a полупроводниковая электроника 
610 1 |a транзисторы 
610 1 |a биполярные транзисторы 
610 1 |a математическое моделирование 
610 1 |a конструирование 
610 1 |a английский язык 
675 |a 621.382.33  |v 3 
700 1 |a Rudolph  |b M.  |g Matthias 
801 1 |a RU  |b 63413507  |c 20080702  |g PSBO 
801 2 |a RU  |b 63413507  |c 20080715  |g PSBO 
942 |c BK